| 000 | 03543nam0a2200433 4500 | ||
|---|---|---|---|
| 001 | RU\NLR\BIBL_A\012627663 | ||
| 005 | 20221227131126.0 | ||
| 010 |
_a978-5-9552-0763-6 _9110 |
||
| 021 |
_aRU _bКН-П-21-039525 _9КН-П-21-3092 |
||
| 035 | _a(NLR Aleph) 012627663 | ||
| 090 |
_a12657444 _c12657444 |
||
| 100 | _a20211021d2021 u y0rusy50 ca | ||
| 101 | 0 | _arus | |
| 102 | _aRU | ||
| 105 | _aa j 000zy | ||
| 181 | 0 |
_ai _baxxe |
|
| 182 | 0 | _an | |
| 200 | 1 |
_aАлгоритм выявления психологической травматизации у сотрудников органов внутренних дел в чрезвычайных ситуациях медико-биологического характера (на примере пандемии COVID-19) _eучебно-практическое пособие _eдля ведомственных специалистов в области психического здоровья _fИчитовкина Елена Геннадьевна, полковник внутренней службы, психиатр, доктор медицинских наук, доцент, Богдасаров Юрий Владимирович, полковник внутренней службы, Жернов Сергей Вячеславович, полковник полиции, преподаватель, Соловьев Андрей Горгоньевич, ктор медицинских наук, профессор _gпод редакцией кандидата медицинских наук, доцента, генерал-лейтенанта внутренней службы В. А. Сидоренко _gМинистерство внутренних дел Российской Федерации, Всероссийский институт повышения квалификации сотрудников МВД России |
|
| 203 |
_aТекст _bвизуальный _cнепосредственный |
||
| 210 |
_aДомодедово _cВИПК МВД России _d2021 |
||
| 215 |
_a105, [46] с. _cил., табл. _d21 |
||
| 300 | _aАвт. указаны на обороте тит. с. | ||
| 320 | _aБиблиогр.: с. 74-77 (46 назв.) | ||
| 606 | 1 |
_aОрганы внутренних дел _xКадры _xПсихологические исследования _jПрактические пособия _2nlr_sh1 _2nlr_sh2 _3RU\NLR\AUTH\661253825 |
|
| 606 | 1 |
_aCOVID-19 работников органов внутренних дел _jУчебные издания _2nlr_sh2 _3RU\NLR\AUTH\6601698102 |
|
| 686 | 1 | _aХ621.163.01я7 | |
| 686 | 1 | _aР124.58я7 | |
| 686 | 1 | _aЮ947.29я7 | |
| 701 | 1 |
_aИчитовкина _bЕ. Г. _gЕлена Геннадьевна |
|
| 701 | 1 |
_aБогдасаров _bЮ. В. _gЮрий Владимирович |
|
| 701 | 1 |
_aЖернов _bС. В. _gСергей Вячеславович |
|
| 701 | 1 |
_aСоловьев _bА.Г. _cд-р мед. наук _gАндрей Горгоньевич _3RU\NLR\AUTH\7726208 |
|
| 702 | 1 |
_aСидоренко _bВ. А. _f1969-2021 _gВиталий Алексеевич _3RU\NLR\AUTH\770233613 _4340 |
|
| 712 | 0 | 2 |
_aВсероссийский институт повышения квалификации сотрудников МВД России _cДомодедово _3RU\NLR\AUTH\880580958 _4475 |
| 942 | _cBOOK | ||
| 980 | _aNB | ||